<?xml version="1.0" encoding="UTF-8"?><?xml-stylesheet type="text/xsl" href="static/style.xsl"?><OAI-PMH xmlns="http://www.openarchives.org/OAI/2.0/" xmlns:xsi="http://www.w3.org/2001/XMLSchema-instance" xsi:schemaLocation="http://www.openarchives.org/OAI/2.0/ http://www.openarchives.org/OAI/2.0/OAI-PMH.xsd"><responseDate>2026-04-17T13:50:26Z</responseDate><request verb="GetRecord" identifier="oai:www.recercat.cat:2072/441660" metadataPrefix="marc">https://recercat.cat/oai/request</request><GetRecord><record><header><identifier>oai:recercat.cat:2072/441660</identifier><datestamp>2025-02-25T11:54:41Z</datestamp><setSpec>com_2072_98</setSpec><setSpec>col_2072_378192</setSpec></header><metadata><record xmlns="http://www.loc.gov/MARC21/slim" xmlns:dcterms="http://purl.org/dc/terms/" xmlns:xsi="http://www.w3.org/2001/XMLSchema-instance" xmlns:doc="http://www.lyncode.com/xoai" xsi:schemaLocation="http://www.loc.gov/MARC21/slim http://www.loc.gov/standards/marcxml/schema/MARC21slim.xsd">
   <leader>00925njm 22002777a 4500</leader>
   <datafield ind2=" " ind1=" " tag="042">
      <subfield code="a">dc</subfield>
   </datafield>
   <datafield ind2=" " ind1=" " tag="720">
      <subfield code="a">Hermans, Hubert</subfield>
      <subfield code="e">author</subfield>
   </datafield>
   <datafield ind2=" " ind1=" " tag="260">
      <subfield code="c">2020</subfield>
   </datafield>
   <datafield ind2=" " ind1=" " tag="520">
      <subfield code="a">When a society becomes more complex and heterogeneous, the identity of teachers "is also challenged to become more complex and heterogeneous. The school, as a reflection of society, needs flexible educators, capable of adapting to change. From the perspective of Dialogical Self Theory, this flexibility translates into the need to adopt a multiplicity of positions of the self as involved in permanent dialogue. These I-positions have the quality of being individual, but also social and their coalition with the I-positions of others can generate shared positions or We-positions. This is an indispensable condition to achieve the successful development of innovative educational projects. Among the different functions that I-positions can adopt, two are crucial. The activation of metapositions that allow reflection on the other, more specific, positions and promoter-positions that provide a developmental impetus and direction to the other positions. The text ends by underlining the relevance of this dialogical perspective to the contemporary world.</subfield>
   </datafield>
   <datafield ind2=" " ind1=" " tag="520">
      <subfield code="a">Cuando la sociedad se vuelve más compleja y heterogénea, la identidad de nuestros maestros es también desafiada para convertirse en más compleja y heterogénea. La escuela, reflejo de la sociedad, precisa de educadores flexibles, capaces de adaptarse a los cambios. Desde la perspectiva de la Dialogical Self Theory esta flexibilidad se traduce en la necesidad de adoptar una multiplicidad de posiciones del yo involucrado en un diálogo permanente. Estas I-positions tienen la cualidad de ser individuales, pero también sociales y su coalición con las I-positions de otros puede generar posiciones compartidas o We-positions. Se trata de una condición indispensable para lograr el desarrollo exitoso de proyectos educativos innovadores. Entre las distintas funciones que pueden adoptar la I-positions, dos resultan clave. La activación de meta-posiciones que permite la reflexión sobre otras posiciones, más específicas, y las posiciones-promotoras que proporcionan impulso y dirección en el desarrollo de otras posiciones. El texto finaliza subrayando la relevancia de esta perspectiva dialógica en el mundo contemporáneo.</subfield>
   </datafield>
   <datafield tag="653" ind2=" " ind1=" ">
      <subfield code="a">Social change</subfield>
   </datafield>
   <datafield tag="653" ind2=" " ind1=" ">
      <subfield code="a">Educational models</subfield>
   </datafield>
   <datafield tag="653" ind2=" " ind1=" ">
      <subfield code="a">Multiplicity of i-positions</subfield>
   </datafield>
   <datafield tag="653" ind2=" " ind1=" ">
      <subfield code="a">Dialogical self theory</subfield>
   </datafield>
   <datafield tag="653" ind2=" " ind1=" ">
      <subfield code="a">Cambio social</subfield>
   </datafield>
   <datafield tag="653" ind2=" " ind1=" ">
      <subfield code="a">Modelos educativos</subfield>
   </datafield>
   <datafield tag="653" ind2=" " ind1=" ">
      <subfield code="a">Multiplicidad de posiciones del yo</subfield>
   </datafield>
   <datafield tag="653" ind2=" " ind1=" ">
      <subfield code="a">Teoría del yo dialógico</subfield>
   </datafield>
   <datafield ind2="0" ind1="0" tag="245">
      <subfield code="a">Foreword by Hubert Hermans</subfield>
   </datafield>
</record></metadata></record></GetRecord></OAI-PMH>